00000000nam 2200000zi 4500
0019.948916
003CaOODSP
00520251105094737
006m     o  d f      
007cr mn|||||||||
008250307t20252025qucab   ob   f000 0 fre d
020 |a9780660762951
040 |aCaOODSP|bfre|erda|cCaOODSP
043 |an-cn-bc
0861 |aCW66-1586/2025F-PDF
24500|aRéserve nationale de faune Alaksen : |bplan de gestion 2025.
24613|aPlan de gestion de la réserve nationale de faune Alaksen
264 1|aGatineau (Québec) : |bEnvironnement et changement climatique Canada = Environment and Climate Change Canada, |c[2025]
264 4|c©2025
300 |a1 ressource en ligne (vii, 91 pages) : |billustrations en couleur, cartes en couleur
336 |atexte|btxt|2rdacontent/fre
337 |ainformatique|bc|2rdamedia/fre
338 |aressource en ligne|bcr|2rdacarrier/fre
500 |aPublié aussi en anglais sous le titre : Alaksen National Wildlife Area management plan 2025.
500 |aTitre de la couverture.
500 |a« EC24038 » -- Verso de la couverture.
504 |aComprend des références bibliographiques (pages 68-69).
651 6|aRéserve nationale de faune d'Alaksen (C.-B.)|xGestion.
7101 |aCanada. |bEnvironnement et changement climatique Canada, |eorganisme de publication.
77508|tAlaksen National Wildlife Area management plan 2025.|w(CaOODSP)9.948915
85640|qPDF|s2.38 Mo|uhttps://publications.gc.ca/collections/collection_2025/eccc/cw66/CW66-1586-2025-fra.pdf
986 |aEC24038